000 00549nam a2200193Ia 4500
005 20250508160922.0
008 008 250505s9999 xx 000 0 eng d
020 _a0-582-52434-2
037 _aTextual
040 _aFEDL
_beng
_cFEDL
041 _aeng
_2eng
084 _a421.5, HAy
_qFEDL
100 _aHaycraft Brita
_9769744
245 0 _aTeaching of pronunciation: A classroom guide
260 _aLondon, UK
_bLongmans, Green and Co.
_c1971
300 _avi,168p
942 _cTEXL
_h421.5, HAy
999 _c1367391
_d1367391